000 00597nam a2200169Ia 4500
008 090711s9999 xx 000 0 und d
082 _b3153
100 _aलिमये सुलोSाना
245 _aमुलांSया शब्दात गांधीजी
260 _c1970
300 _a53
600 _aलिमये सुलोSाना
630 _aमुलांSया शब्दात गांधीजी
700 _aलिमये सुलोSाना
730 _aमुलांSया शब्दात गांधीजी
942 _cBOOK
999 _c322540
_d322540